MARC details
| 000 -LEADER |
| fixed length control field |
01909nam a2200349 a 4500 |
| 001 - CONTROL NUMBER |
| control field |
eep9781781008201 |
| 003 - CONTROL NUMBER IDENTIFIER |
| control field |
DLC |
| 005 - DATE AND TIME OF LATEST TRANSACTION |
| control field |
20210215104148.0 |
| 006 - FIXED-LENGTH DATA ELEMENTS--ADDITIONAL MATERIAL CHARACTERISTICS |
| fixed length control field |
m o d |
| 007 - PHYSICAL DESCRIPTION FIXED FIELD--GENERAL INFORMATION |
| fixed length control field |
cr un||||||||| |
| 008 - FIXED-LENGTH DATA ELEMENTS--GENERAL INFORMATION |
| fixed length control field |
020222s2002 maua ob 001 0 eng d |
| 010 ## - LIBRARY OF CONGRESS CONTROL NUMBER |
| LC control number |
2002016659 |
| 020 ## - INTERNATIONAL STANDARD BOOK NUMBER |
| International Standard Book Number |
9781781008201 (e-book) |
| 040 ## - CATALOGING SOURCE |
| Original cataloging agency |
DLC |
| Transcribing agency |
DLC |
| Modifying agency |
DLC |
| 043 ## - GEOGRAPHIC AREA CODE |
| Geographic area code |
a-si--- |
| 050 #4 - LIBRARY OF CONGRESS CALL NUMBER |
| Classification number |
HC445.8 |
| Item number |
.P395 2002 |
| 082 00 - DEWEY DECIMAL CLASSIFICATION NUMBER |
| Classification number |
338.95957 |
| Edition number |
21 |
| 100 1# - MAIN ENTRY--PERSONAL NAME |
| Personal name |
Peebles, Gavin, |
| Dates associated with a name |
1947- |
| 245 10 - TITLE STATEMENT |
| Title |
Economic growth and development in Singapore |
| Medium |
[electronic resource] : |
| Remainder of title |
past and future / |
| Statement of responsibility, etc. |
Gavin Peebles and Peter Wilson. |
| 260 ## - PUBLICATION, DISTRIBUTION, ETC. |
| Place of publication, distribution, etc. |
Cheltenham ; |
| -- |
Northampton, Mass. : |
| Name of publisher, distributor, etc. |
Edward Elgar, |
| Date of publication, distribution, etc. |
c2002. |
| 300 ## - PHYSICAL DESCRIPTION |
| Extent |
1 online resource (xiii, 328 p.) : |
| Other physical details |
ill. |
| 504 ## - BIBLIOGRAPHY, ETC. NOTE |
| Bibliography, etc. note |
Includes bibliographical references (p. 287-319) and index. |
| 505 0# - FORMATTED CONTENTS NOTE |
| Formatted contents note |
1. Introduction, themes and structure of the book -- 2. Foundations for growth -- 3. The growth experience -- 4. Structural change -- 5. Monetary, financial and fiscal aspects -- 6. Development indicators and welfare -- 7. Trade, trade policy and growth -- 8. International finance and growth -- 9. Back to the future : continuity or real paradigm shift? |
| 520 ## - SUMMARY, ETC. |
| Summary, etc. |
In this book Gavin Peebles and Peter Wilson offer an historical overview of the rapid growth and development of the Singapore economy, detailing the institutions and policies which have made this growth possible. They examine the current state of the economy and its future in terms of prospective growth and structural change. |
| 651 #0 - SUBJECT ADDED ENTRY--GEOGRAPHIC NAME |
| Geographic name |
Singapore |
| General subdivision |
Economic conditions. |
| 651 #0 - SUBJECT ADDED ENTRY--GEOGRAPHIC NAME |
| Geographic name |
Singapore |
| General subdivision |
Economic policy. |
| 655 #7 - INDEX TERM--GENRE/FORM |
| Genre/form data or focus term |
Electronic books. |
| Source of term |
lcsh |
| 700 1# - ADDED ENTRY--PERSONAL NAME |
| Personal name |
Wilson, Peter, |
| Dates associated with a name |
1951- |
| 710 2# - ADDED ENTRY--CORPORATE NAME |
| Corporate name or jurisdiction name as entry element |
Edward Elgar Publishing. |
| 776 1# - ADDITIONAL PHYSICAL FORM ENTRY |
| International Standard Book Number |
1840647418 (cased) |
| -- |
1843760525 (paperback) |
| -- |
9781840647419 (hardback) |
| -- |
9781843760528 (pbk.) |
| 856 40 - ELECTRONIC LOCATION AND ACCESS |
| Uniform Resource Identifier |
<a href="https://www.elgaronline.com/view/1840647418.xml">https://www.elgaronline.com/view/1840647418.xml</a> |